书目信息 |
| 题名: |
单片机原理与应用设计
|
|
| 作者: | 蒋辉平 , 周国雄 编著 | |
| 分册: | ||
| 出版信息: | 北京 北京航空航天大学出版社 2007.09 |
|
| 页数: | 225页 | |
| 开本: | 23cm | |
| 丛书名: | ||
| 单 册: | ||
| 中图分类: | TP368.1 | |
| 科图分类: | ||
| 主题词: | 单片微型计算机--dan pian wei xing ji suan ji--高等学校--教材 | |
| 电子资源: | ||
| ISBN: | 978-7-81124-205-8 | |
| 000 | 01075nam0 2200265 450 | |
| 001 | 012008522102 | |
| 005 | 20080901195152.90 | |
| 010 | @a978-7-81124-205-8@dCNY22.00 | |
| 100 | @a20080901d2007 em y0chiy0120 ea | |
| 101 | 0 | @achi |
| 102 | @aCN@b110000 | |
| 105 | @aak a 000yy | |
| 106 | @ar | |
| 200 | 1 | @a单片机原理与应用设计@Adan pian ji yuan li yu ying yong she ji@f蒋辉平, 周国雄编著@Fjiang hui ping,zhou guo xiong bian zhu |
| 210 | @a北京@c北京航空航天大学出版社@d2007.09 | |
| 215 | @a225页@c图@d23cm | |
| 300 | @a“十一五”高等院校规划教材 | |
| 320 | @a有书目 (第224-225页) | |
| 330 | @a本书以51单片机为核心,详细介绍了单片机的原理及应用,内容包括单片机概述、单片机结构及工作原理、指令系统、汇编语言程序设计、中断系统、定时器/计数器、单片机串行数据通信、单片机系统扩展与接口技术、C51语言简介等。 | |
| 606 | 0 | @a单片微型计算机@Adan pian wei xing ji suan ji@x高等学校@j教材 |
| 690 | @aTP368.1@v4 | |
| 701 | 0 | @a蒋辉平@Ajiang hui ping@4编著 |
| 701 | 0 | @a周国雄@Azhou guo xiong@4编著 |
| 801 | 0 | @aCN@bQSSK@c20080901 |
| 905 | @b734624-25@dTP368.1@eJ564@f2 | |
| 单片机原理与应用设计/蒋辉平, 周国雄编著.-北京:北京航空航天大学出版社,2007.09 |
| 225页:图;23cm |
| “十一五”高等院校规划教材 |
| ISBN 978-7-81124-205-8:CNY22.00 |
| 本书以51单片机为核心,详细介绍了单片机的原理及应用,内容包括单片机概述、单片机结构及工作原理、指令系统、汇编语言程序设计、中断系统、定时器/计数器、单片机串行数据通信、单片机系统扩展与接口技术、C51语言简介等。 |
| ● |
| 相关链接 |
|
|
|
正题名:单片机原理与应用设计
索取号:TP368.1/J564
 
预约/预借
| 序号 | 登录号 | 条形码 | 馆藏地/架位号 | 状态 | 备注 |
| 1 | 734624 | 207346246 | 自科库301/301自科库 62排6列5层/ [索取号:TP368.1/J564] | 在馆 | |
| 2 | 734625 | 207346255 | 自科库301/301自科库 62排6列5层/ [索取号:TP368.1/J564] | 在馆 |